000 00584nam a2200217Ia 4500
003 OSt
005 20220928135448.0
006 a|||||r|||| 00| 0
007 ta
008 220927b |||||||| |||| 00| 0 eng d
024 _a2300
037 _cTextual
040 _aSDCL
_cSDCL
_beng
041 _2eng
_aeng
082 _aO-,1H40,1:g, J5
100 _aLumiansky R M
_9490775
245 0 _aOf sondry folk
_b The dramatic principle in the canterbury tales
260 _c1955
942 _hO-,1H40,1:g, J5
_cTEXL
_2CC
999 _c806111
_d806111